000 00251nam a2200097Ia 4500
008 240331s9999 xx 000 0 und d
082 _bSEN
100 _aSen, G
245 0 _aPopulation policies reconsidered :
_bhealth, empowerment, and rights
942 _cL
999 _c2942
_d2942